Sweet valley kids : (Record no. 7160)
[ view plain ]
| 000 -LEADER | |
|---|---|
| fixed length control field | 01443nam a22003017a 4500 |
| 001 - CONTROL NUMBER | |
| control field | 7160 |
| 003 - CONTROL NUMBER IDENTIFIER | |
| control field | FISKH |
| 005 - DATE AND TIME OF LATEST TRANSACTION | |
| control field | 20250630150210.0 |
| 008 - FIXED-LENGTH DATA ELEMENTS--GENERAL INFORMATION | |
| fixed length control field | 250630b cb ||||| |||| 00| 0 eng d |
| 020 ## - INTERNATIONAL STANDARD BOOK NUMBER | |
| International Standard Book Number | 9780553157598 |
| 040 ## - CATALOGING SOURCE | |
| Original cataloging agency | FISKH |
| Language of cataloging | eng |
| Transcribing agency | FISKH |
| Modifying agency | FISKH |
| 050 ## - LIBRARY OF CONGRESS CALL NUMBER | |
| Classification number | PZ7.S8486 R86 |
| 082 ## - DEWEY DECIMAL CLASSIFICATION NUMBER | |
| Classification number | 813.54 |
| 100 ## - MAIN ENTRY--PERSONAL NAME | |
| Personal name | Stewart, Mia Molly |
| 245 ## - TITLE STATEMENT | |
| Title | Sweet valley kids : |
| Remainder of title | Runaway hamster / |
| Statement of responsibility, etc. | Written by Molly Mia Stewart ; Created by Francine Pascal ; Illustrated by Ying-Hwa Hu |
| 250 ## - EDITION STATEMENT | |
| Edition statement | This edition first published in 1989 |
| 260 ## - PUBLICATION, DISTRIBUTION, ETC. | |
| Place of publication, distribution, etc. | New York : |
| Name of publisher, distributor, etc. | A Bantam Skylark, |
| Date of publication, distribution, etc. | 1989 |
| 300 ## - PHYSICAL DESCRIPTION | |
| Extent | 73 pages : |
| Other physical details | illustrations ; |
| Dimensions | 20 cm |
| 505 ## - FORMATTED CONTENTS NOTE | |
| Formatted contents note | G<br/> |
| 520 ## - SUMMARY, ETC. | |
| Summary, etc. | Elizabeth and Jessica Wakefield love being the only twins in their second-grade class. They wear matching outfits to school every day and always sit together. But twins don't always like the same things. Elizabeth is excited about taking the class hamster, Tinkerbell, home for winter vacation. But Jessica thinks Tinkerbell is disgusting. When it's Jessica's turn to feed the hamster, she forgets to shut the cage door tightly--and Tinkerbell escapes! Will the twins find Tinkerbell? If they don't, what will they tell their friends?<br/> |
| 521 8# - TARGET AUDIENCE NOTE | |
| Target audience note | 380 <br/><br/><br/> |
| Source | Lexile<br/> |
| 521 8# - TARGET AUDIENCE NOTE | |
| Target audience note | G<br/> |
| Source | Raz-Plus<br/> |
| 650 ## - SUBJECT ADDED ENTRY--TOPICAL TERM | |
| Source of heading or term | Hamsters |
| Topical term or geographic name entry element | Valley |
| 650 ## - SUBJECT ADDED ENTRY--TOPICAL TERM | |
| Source of heading or term | Sweet Valley |
| Topical term or geographic name entry element | Hamsters--Fiction |
| 700 ## - ADDED ENTRY--PERSONAL NAME | |
| Personal name | Hu, Ying-Hwa |
| Dates associated with a name | illustrator |
| 942 ## - ADDED ENTRY ELEMENTS (KOHA) | |
| Source of classification or shelving scheme | Dewey Decimal Classification |
| Koha item type | Books |
| Suppress in OPAC | No |
| Withdrawn status | Lost status | Source of classification or shelving scheme | Damaged status | Not for loan | Collection | Home library | Current library | Shelving location | Date acquired | Total Checkouts | Full call number | Barcode | Date last seen | Copy number | Price effective from | Koha item type |
|---|---|---|---|---|---|---|---|---|---|---|---|---|---|---|---|---|
| Dewey Decimal Classification | Juvenile Fiction | Footprints International School Library Network Toul Tom Poung Campus | Footprints International School Library Network Toul Tom Poung Campus | TTP Primary Dark Blue Bookshelves | 06/30/2025 | PAS 813.54 PZ7.S8486 R86 | 2025-1704 | 06/30/2025 | 1 | 06/30/2025 | Books |
